Les communes les plus peuplées d'Ariège - Statistiques

Statistiques générales
  • Ce quiz a été pris 83 fois
  • Le résultat moyen est 10 sur 20
Statistiques - réponses
Population Commune % Correct
9532 foix
99%
15675 pamiers
96%
6383 saint-girons
79%
1267 ax-les-thermes
75%
3158 mirepoix
73%
6137 lavelanet
63%
3044 tarascon-sur-ariège
61%
4844 saverdun
57%
3424 varilhes
47%
2288 verniolle
40%
3877 mazères
37%
2934 saint-jean-du-falga
36%
1418 saint-lizier
36%
3167 la tour-du-crieu
35%
2433 laroque-d'olmes
29%
2323 lézat-sur-lèze
25%
1313 saint-paul-de-jarrat
20%
1463 montgaillard
19%
1467 lorp-sentaraille
12%
1304 rieux-de-pelleport
12%
Aucun quiz correspondant
Distribution des résultats
% des personnes avec chaque résultat
Percentile par nombre de réponses
Votre historique - résultats
Vous n’avez pas pris ce quiz